000 00679cam a2200217 4500
001 ##J1888
008 090401t1990 xxu||||| |||| 00| 0 eng d
035 _a(Sirsi) u46007
041 0 _aeng
050 0 4 _a658.4092 $2 21
110 2 _aTouche Ross
_9233
245 0 0 _aStrategic issues for chartered surveyors
_bstrategic leadership
260 _aLondon
_bTouche Ross
_c1990
300 _a9
_fleaves
_c30cm.
350 _a0
490 0 _aTouche Ross Strategic Issues for Chartered Surveyors Bulletin
_v3
520 _aReissue of publication originally produced by Spicer Consulting Group q.v.
690 _aMANAGEMENT-BUSINESS MANAGEMENT
942 _n0
948 _c04/03/1997
999 _c91862
_d91862